| Tag |
First Indicator |
Second Indicator |
Subfields |
| LEADER |
00000cam a2200000La 4500 |
| 001 |
in00001745544 |
| 005 |
20220105122444.0 |
| 006 |
m u |
| 007 |
cr cn- |
| 008 |
010330s1997 kyu sb 001 0 eng d |
| 010 |
|
|
|z 97010495
|
| 020 |
|
|
|a 0813170559 (electronic bk.) :
|c $18.00
|
| 020 |
|
|
|z 0813120403 (cloth : alk. paper)
|
| 020 |
|
|
|z 081310937X (pbk. : alk. paper)
|
| 035 |
|
|
|a (OCoLC)ocm47011097
|
| 035 |
|
|
|a 50515
|b (N$T)
|
| 040 |
|
|
|a N$T
|c N$T
|d OCL
|d UtOrBLW
|
| 043 |
|
|
|a n-usu--
|
| 049 |
|
|
|a IKMN
|
| 050 |
1 |
4 |
|a PS261
|b .B79 1997eb
|
| 082 |
0 |
4 |
|a 810.9/975/0904
|2 21
|
| 100 |
1 |
|
|a Bryant, J. A.
|q (Joseph Allen),
|d 1919-1999.
|0 http://id.loc.gov/authorities/names/n85308731
|
| 245 |
1 |
0 |
|a Twentieth-century southern literature /
|c J.A. Bryant, Jr.
|
| 246 |
3 |
|
|a 20th century southern literature
|
| 264 |
|
1 |
|a Lexington, Ky. :
|b University Press of Kentucky,
|c [1997]
|
| 264 |
|
4 |
|c ©1997
|
| 300 |
|
|
|a 280 pages ;
|c 24 cm.
|
| 336 |
|
|
|a text
|b txt
|2 rdacontent
|
| 337 |
|
|
|a computer
|b c
|2 rdamedia
|
| 338 |
|
|
|a online resource
|b cr
|2 rdacarrier
|
| 490 |
1 |
|
|a New perspectives on the South
|
| 504 |
|
|
|a Includes bibliographical references (pages 261-270) and index.
|
| 533 |
|
|
|a Electronic reproduction.
|b Boulder, Colo. :
|c NetLibrary,
|d 2001.
|n Available via World Wide Web.
|n Access may be limited to NetLibrary affiliated libraries.
|
| 500 |
|
|
|a Electronic resource.
|
| 650 |
|
0 |
|a American literature
|z Southern States
|x History and criticism.
|0 http://id.loc.gov/authorities/subjects/sh2007101055
|
| 651 |
|
0 |
|a Southern States
|x In literature.
|0 http://id.loc.gov/authorities/subjects/sh2008111638
|
| 650 |
|
0 |
|a American literature
|y 20th century
|x History and criticism.
|0 http://id.loc.gov/authorities/subjects/sh2007101049
|
| 651 |
|
0 |
|a Southern States
|x Intellectual life
|y 20th century.
|
| 655 |
|
7 |
|a Electronic books.
|2 local
|
| 710 |
2 |
|
|a NetLibrary, Inc.
|0 http://id.loc.gov/authorities/names/no99080690
|
| 776 |
0 |
|
|c Original
|w (DLC) 97010495
|w (OCoLC)36640695
|
| 830 |
|
0 |
|a New perspectives on the South.
|0 http://id.loc.gov/authorities/names/n42032672
|
| 856 |
4 |
1 |
|u https://proxy.library.tamu.edu/login?url=http://www.netLibrary.com/urlapi.asp?action=summary&v=1&bookid=50515
|z Connect to the full text of this electronic book
|t 0
|
| 994 |
|
|
|a 92
|b IKM
|
| 999 |
|
|
|a MARS
|
| 999 |
f |
f |
|s 8566c7b8-404a-3759-b600-f96decdedd6e
|i e5bb3f65-5e99-3dc2-b228-a2dcd8fa28ce
|t 0
|
| 952 |
f |
f |
|a Texas A&M University
|b College Station
|c Electronic Resources
|d Available Online
|t 0
|e PS261 .B79 1997eb
|h Library of Congress classification
|
| 998 |
f |
f |
|a PS261 .B79 1997eb
|t 0
|l Available Online
|